[Event "CZE-chT1W 1920"]
[Site "Czech Republic"]
[Date "2020.02.02"]
[Round "7.3"]
[White "Horak, Martin"]
[Black "Bernasek, Jan"]
[Result "0-1"]
[WhiteElo "2316"]
[BlackElo "2490"]
[PlyCount "122"]
[EventDate "2019.10.20"]
[EventType "team-tourn"]
[EventRounds "11"]
[EventCountry "CZE"]
[SourceTitle "CBM 194 Extra"]
[Source "ChessBase"]
[SourceDate "2020.03.31"]
[SourceVersion "1"]
[SourceVersionDate "2020.03.31"]
[SourceQuality "1"]
[WhiteTeam "Vlasim Spartak"]
[BlackTeam "Unichess"]
[WhiteTeamCountry "CZE"]
[BlackTeamCountry "CZE"]

1. e4 g6 2. d4 Bg7 3. Nc3 d6 4. Nf3 Nf6 5. Be3 a6 6. Qd2 b5 7. Bh6 0-0 8. Bd3 c5 9. dxc5 dxc5 10. Bxg7 Kxg7 11. e5 Nh5 12. Qe3 Qc7 13. 0-0-0 Be6 14. h3 Kg8 15. Rhe1 Nd7 16. Qh6 Rfd8 17. Be4 Rac8 18. Rxd7 Qxd7 19. g4 Nf6 20. exf6 exf6 21. Qf4 b4 22. Rd1 Qe7 23. Nd5 Bxd5 24. Bxd5 Kg7 25. Re1 Qd7 26. Bc4 Rc6 27. Nd2 Rd6 28. Bd3 Rd4 29. Qe3 Qc7 30. Nb3 R4d5 31. Be4 Re5 32. f4 Re7 33. Nxc5 Kh8 34. f5 Rde8 35. Qd4 Qe5 36. Qxb4 a5 37. Qa3 Rc8 38. Nd3 Qh2 39. c3 Rce8 40. Qc5 Kg7 41. Qd4 Qxh3 42. Nf2 Qh4 43. c4 Re5 44. Qd2 h5 45. Rh1 Qg3 46. gxh5 gxf5 47. h6+ Kh8 48. Bd3 f4 49. Kc2 Re3 50. Rh3 Rxd3 51. Qxd3 Qxf2+ 52. Kc3 Qc5 53. a3 a4 54. Qd4 Qa5+ 55. Kc2 Qf5+ 56. Qd3 Re4 57. h7 Rxc4+ 58. Kd2 Qa5+ 59. Kd1 Rc8 60. Ke2 Re8+ 61. Kf1 Qe1+ 0-1

[Event "CZE-chT 1920"]
[Site "Czech Republic"]
[Date "2020.01.26"]
[Round "6.4"]
[White "Rasik, Vitezslav"]
[Black "Bernasek, Jan"]
[Result "1/2-1/2"]
[WhiteElo "2470"]
[BlackElo "2490"]
[PlyCount "53"]
[EventDate "2019.10.12"]
[EventType "team-tourn"]
[EventRounds "11"]
[EventCountry "CZE"]
[SourceTitle "CBM 194 Extra"]
[Source "ChessBase"]
[SourceDate "2020.03.31"]
[SourceVersion "1"]
[SourceVersionDate "2020.03.31"]
[SourceQuality "1"]
[WhiteTeam "Ostrava Labortech"]
[BlackTeam "Unichess"]
[WhiteTeamCountry "CZE"]
[BlackTeamCountry "CZE"]

1. e4 c6 2. d3 d5 3. Nd2 e5 4. Ngf3 Bd6 5. g3 Nf6 6. Bg2 0-0 7. 0-0 Re8 8. Re1 Nbd7 9. h3 Bf8 10. b3 dxe4 11. dxe4 a5 12. a4 b5 13. Bb2 Qb6 14. Nh4 Nc5 15. Bc3 Qc7 16. Bf1 Rd8 17. Nhf3 Bd6 18. Qc1 Bb7 19. Nh4 g6 20. Bg2 Bf8 21. Nhf3 Re8 22. Qb2 Nfd7 23. Qa2 b4 24. Bb2 Ba6 25. Rad1 Ne6 26. Qa1 Bg7 27. Nf1 1/2-1/2

[Event "SVK-chT 1920"]
[Site "Slovakia"]
[Date "2020.01.19"]
[Round "6.4"]
[White "Stohl, Igor"]
[Black "Bernasek, Jan"]
[Result "1/2-1/2"]
[WhiteElo "2490"]
[BlackElo "2478"]
[PlyCount "22"]
[EventDate "2019.10.19"]
[EventType "team-tourn"]
[EventRounds "11"]
[EventCountry "SVK"]
[SourceTitle "CBM 194 Extra"]
[Source "ChessBase"]
[SourceDate "2020.03.31"]
[SourceVersion "1"]
[SourceVersionDate "2020.03.31"]
[SourceQuality "1"]
[WhiteTeam "Modra"]
[BlackTeam "Zilina Mladost"]
[WhiteTeamCountry "SVK"]
[BlackTeamCountry "SVK"]

1. d4 d5 2. c4 e6 3. Nc3 c5 4. cxd5 cxd4 5. Qa4+ Bd7 6. Qxd4 exd5 7. Nf3 Nc6 8. Qd1 Nf6 9. e3 Bb4 10. Bd2 0-0 11. Be2 a6 1/2-1/2

[Event "CZE-chT1W 1920"]
[Site "Czech Republic"]
[Date "2020.01.05"]
[Round "5.4"]
[White "Bernasek, Jan"]
[Black "Vlasak, Lukas"]
[Result "0-1"]
[WhiteElo "2490"]
[BlackElo "2423"]
[PlyCount "106"]
[EventDate "2019.10.20"]
[EventType "team-tourn"]
[EventRounds "11"]
[EventCountry "CZE"]
[SourceTitle "CBM 194 Extra"]
[Source "ChessBase"]
[SourceDate "2020.03.31"]
[SourceVersion "1"]
[SourceVersionDate "2020.03.31"]
[SourceQuality "1"]
[WhiteTeam "Unichess"]
[BlackTeam "Turnov Zikuda II"]
[WhiteTeamCountry "CZE"]
[BlackTeamCountry "CZE"]

1. Nf3 d5 2. c4 e6 3. g3 Nf6 4. Bg2 dxc4 5. Qa4+ Bd7 6. Qxc4 c5 7. Ne5 Qc8 8. Qb3 Nc6 9. Nxd7 Qxd7 10. 0-0 Be7 11. d3 0-0 12. Na3 Rac8 13. Bd2 Rfd8 14. Rfc1 b6 15. Qd1 Ne8 16. Nc4 Bf6 17. Rab1 Nd6 18. Ne3 h5 19. a3 Nd4 20. b4 cxb4 21. axb4 Qb5 22. Bf1 Qd7 23. Ng2 N4b5 24. e3 g6 25. Qb3 e5 26. Ne1 h4 27. Qd5 hxg3 28. hxg3 Kg7 29. Nf3 Qe7 30. Be1 Na3 31. Ra1 Nc2 32. Rab1 e4 33. Rxc2 Rxc2 34. Nd4 Nc4 35. Qb5 Bxd4 36. dxc4 Bf6 37. Qa4 Rb2 38. Rc1 Qd7 39. Qa3 Qf5 40. Bg2 Qg4 41. Qa4 Qe2 42. Bxe4 Ra2 43. Qb3 Ra1 44. Rxa1 Bxa1 45. Bc3+ Kg8 46. Kg2 Rd1 47. Qa4 Bxc3 48. Qe8+ Kg7 49. Bd5 Qf1+ 50. Kf3 Qh1+ 51. Kf4 Rxd5 52. cxd5 Qxd5 53. b5 Qf5# 0-1

[Event "SVK-chT 1920"]
[Site "Slovakia"]
[Date "2019.10.20"]
[Round "2.2"]
[White "Bernasek, Jan"]
[Black "Haring, Filip"]
[Result "0-1"]
[WhiteElo "2490"]
[BlackElo "2294"]
[PlyCount "70"]
[EventDate "2019.10.19"]
[EventType "team-tourn"]
[EventRounds "11"]
[EventCountry "SVK"]
[SourceTitle "CBM 192 Extra"]
[Source "Chessbase"]
[SourceDate "2019.11.06"]
[SourceVersion "1"]
[SourceVersionDate "2019.11.06"]
[SourceQuality "1"]
[WhiteTeam "Zilina Mladost"]
[BlackTeam "Liptov Chess School"]
[WhiteTeamCountry "SVK"]
[BlackTeamCountry "SVK"]

1. d4 Nf6 2. c4 e6 3. Nc3 Bb4 4. e3 0-0 5. Nf3 d5 6. Bd3 c5 7. 0-0 Nc6 8. a3 Bxc3 9. bxc3 dxc4 10. Bxc4 Qc7 11. Bb2 Rd8 12. Qe2 e5 13. h3 Bf5 14. Rfd1 e4 15. Nd2 Bg6 16. Rdc1 Ne7 17. a4 Nf5 18. Ba3 b6 19. Rab1 Nh4 20. Qe1 Nd5 21. Bf1 Qe7 22. Qd1 Bf5 23. Kh1 Rac8 24. Nc4 Rc6 25. Ne5 Rh6 26. Ng4 Rg6 27. dxc5 Bxg4 28. hxg4 Qc7 29. g5 Rxg5 30. cxb6 Nxb6 31. Qe2 Nf3 32. Qxf3 exf3 33. g3 Rd2 34. Rd1 Rxf2 35. Bd6 Rxf1+ 0-1

[Event "CZE-chT 1819"]
[Site "Czech Republic"]
[Date "2019.04.21"]
[Round "11.4"]
[White "Bernasek, Jan"]
[Black "Stocek, Jiri"]
[Result "1/2-1/2"]
[WhiteElo "2477"]
[BlackElo "2567"]
[PlyCount "104"]
[EventDate "2018.11.03"]
[EventType "team-tourn"]
[EventRounds "11"]
[EventCountry "CZE"]
[SourceTitle "CBM 190 Extra"]
[Source "ChessBase"]
[SourceDate "2019.07.15"]
[SourceVersion "1"]
[SourceVersionDate "2019.07.15"]
[SourceQuality "1"]
[WhiteTeam "Unichess"]
[BlackTeam "Pardubice"]
[WhiteTeamCountry "CZE"]
[BlackTeamCountry "CZE"]

1. c4 e5 2. Nc3 Bb4 3. Nd5 Bc5 4. b4 Be7 5. Bb2 d6 6. Nf3 Nf6 7. Nxe7 Qxe7 8. e3 0-0 9. Be2 e4 10. Nd4 c5 11. bxc5 dxc5 12. Nb5 Nc6 13. 0-0 Ne5 14. f4 exf3 15. Bxf3 a6 16. Bxe5 Qxe5 17. Nc3 Rb8 18. Rb1 Rd8 19. Rb6 Rd6 20. Rxd6 Qxd6 21. Nd5 Nxd5 22. Bxd5 Be6 23. e4 b5 24. d3 Qe5 25. Bxe6 Qxe6 26. cxb5 axb5 27. Qb3 Qd7 28. Kh1 Rc8 29. h3 c4 30. dxc4 bxc4 31. Qc3 h6 32. Rf3 Qc6 33. Rg3 g6 34. e5 Ra8 35. Rg4 Rxa2 36. Qxc4 Qxc4 37. Rxc4 Kf8 38. Rh4 h5 39. Re4 Ke7 40. Kh2 Rf2 41. Kg1 Rf5 42. g4 Rg5 43. Kf2 Ke6 44. Kg3 Rxe5 45. Ra4 Re3+ 46. Kh4 hxg4 47. hxg4 f6 48. g5 Kf5 49. Rg4 Re4 50. Rxe4 fxg5+ 51. Kg3 Kxe4 52. Kg4 Ke5 1/2-1/2

[Event "CZE-chT 1819"]
[Site "Czech Republic"]
[Date "2019.02.10"]
[Round "8.3"]
[White "Langner, Ladislav"]
[Black "Bernasek, Jan"]
[Result "0-1"]
[WhiteElo "2397"]
[BlackElo "2477"]
[PlyCount "70"]
[EventDate "2018.11.03"]
[EventType "team-tourn"]
[EventRounds "11"]
[EventCountry "CZE"]
[SourceTitle "CBM 188 Extra"]
[Source "ChessBase"]
[SourceDate "2019.02.26"]
[SourceVersion "1"]
[SourceVersionDate "2019.02.26"]
[SourceQuality "1"]
[WhiteTeam "Cesky Tesin Slavoj"]
[BlackTeam "Unichess"]
[WhiteTeamCountry "CZE"]
[BlackTeamCountry "CZE"]

1. e4 c6 2. d4 d5 3. e5 Bf5 4. Nd2 e6 5. Nb3 Nd7 6. Nf3 Ne7 7. Be3 Nc8 8. a4 Be7 9. Be2 a6 10. 0-0 0-0 11. Nfd2 f6 12. f4 fxe5 13. fxe5 Qe8 14. c4 dxc4 15. Bxc4 Qg6 16. Na5 Ncb6 17. Nxb7 Nxc4 18. Nxc4 Bd3 19. Rxf8+ Rxf8 20. Nd2 Nb6 21. Nc5 Nd5 22. Qe1 Rb8 23. Ra3 Bxc5 24. dxc5 Rxb2 25. Qh4 Rb8 26. Qd4 Bf5 27. Qc4 a5 28. Rb3 Rxb3 29. Qxb3 Bh3 30. g3 h6 31. Bd4 Bf5 32. Qb7 Qg4 33. Qb2 Qd1+ 34. Kf2 Bd3 35. h4 Qh1 0-1

[Event "Niederoesterreich Landesliga 1819"]
[Site "Austria"]
[Date "2019.01.27"]
[Round "7.1"]
[White "Bernasek, Jan"]
[Black "Hofegger, Jakob"]
[Result "1-0"]
[WhiteElo "2477"]
[BlackElo "2128"]
[PlyCount "119"]
[EventDate "2018.09.30"]
[EventType "team-tourn"]
[EventRounds "11"]
[EventCountry "AUT"]
[SourceTitle "CBM 189 Extra"]
[Source "ChessBase"]
[SourceDate "2019.06.03"]
[SourceVersion "1"]
[SourceVersionDate "2019.06.03"]
[SourceQuality "1"]
[WhiteTeam "Zwettl"]
[BlackTeam "Baden Invest"]
[WhiteTeamCountry "AUT"]
[BlackTeamCountry "AUT"]

1. Nf3 Nf6 2. b3 g6 3. Bb2 Bg7 4. c4 0-0 5. g3 d6 6. Bg2 e5 7. 0-0 Nbd7 8. d4 Qe7 9. Qc2 Re8 10. e3 e4 11. Nfd2 Nf8 12. Nc3 Bf5 13. d5 h5 14. Nb5 N8h7 15. Nd4 Bd7 16. Rac1 c5 17. dxc6 bxc6 18. c5 d5 19. b4 a6 20. N2b3 h4 21. Na5 Rec8 22. Bc3 hxg3 23. fxg3 Ng4 24. Qe2 Qg5 25. Rf4 Ne5 26. Rcf1 Qe7 27. h4 Ra7 28. h5 Ng5 29. hxg6 fxg6 30. Qd1 Nd3 31. Rh4 Be5 32. Qb3 Kg7 33. a4 Rac7 34. Rff4 Rh8 35. Rxh8 Kxh8 36. Bf1 Nxf4 37. exf4 Bg7 38. fxg5 Qxg5 39. Bb2 Qd2 40. Qc3 Qd1 41. Nab3 Rb7 42. b5 axb5 43. a5 Ra7 44. Qe3 Kg8 45. Bc3 Bh3 46. Qe1 Qxe1 47. Bxe1 Bd7 48. Bf2 Bf6 49. Nxb5 Rb7 50. a6 Rb8 51. Nc7 Be5 52. a7 Bxc7 53. axb8Q+ Bxb8 54. Be2 Kf7 55. Kg2 Ke7 56. Be3 Be5 57. Nd4 Kf6 58. Bd1 Bc7 59. Ba4 Ba5 60. Bxc6 1-0